000 00243nam a2200097Ia 4500
001 679782
005 20250826161329.0
008 250824s9999 xx 000 0 und d
245 0 _aEYLÜLDE AŞKLAR
_cMİNE SOYSAL
260 _bGÜNIŞIĞI YAYINLARI
999 _c679782
_d679782